000 00821nam a2200253 i 4500
001 000019759
003 DO-SdBNP
005 20240305125231.0
007 ta
008 100705s2002 ck a r 000 f spa d
040 _aDO-SdBNP
_bspa
_cBNPHU
_erda
082 4 _bD611
_222
100 1 _a Ferrari, Francisco de
_983517
245 1 0 _aDiscurso del Honorable Señor Presidente de la República Dominicana Ing. Hipólito Mejía :
_cAnte la Asamblea Nacional el 27 de Febrero de 2002
264 _aSanto Domingo :
_bPresidencia de la República,
_c2002
300 _a57 paginas :
_bilustraciones ;
_c22 cm.
336 _2rdacontent
_atexto
_btxt
337 _2rdamedia
_asin mediación
_bn
338 _2rdacarrier
_avolumen
_bnc
505 _gv.2.
590 _aInventariado, 2023 / DG
910 _aDG
942 _2ddc
_cLBS1
999 _c53744
_d53744